Prime contracting (Record no. 66436)
[ view plain ]
| 000 -LEADER | |
|---|---|
| fixed length control field | 01067cam a2200217 4500 |
| 001 - CONTROL NUMBER | |
| control field | WB3712-06 |
| 008 - FIXED-LENGTH DATA ELEMENTS--GENERAL INFORMATION | |
| fixed length control field | 000000n2001 000 0 eng u |
| 035 ## - SYSTEM CONTROL NUMBER | |
| System control number | (Sirsi) u111491 |
| 245 ## - TITLE STATEMENT | |
| Title | Prime contracting |
| 260 ## - PUBLICATION, DISTRIBUTION, ETC. | |
| Date of publication, distribution, etc. | 2001 |
| 490 ## - SERIES STATEMENT | |
| Series statement | Building |
| Volume/sequential designation | 266(8176) 16 March 2001, 11(1) |
| 520 ## - SUMMARY, ETC. | |
| Summary, etc. | The Office for Government Commerce has begun talks with Defence Estates regarding the dissemination of its experience of prime contracting, which is to become the primary method of procurement for public projects from 2002. The system will probably be used by the government for long-term maintenance and renovation deals whilst J Sainsbury, which has adopted prime contracting in a separate move, intends to use the route to develop long-term relationships with contractors for both new build and renovations and extensions. |
| 590 ## - LOCAL NOTE (RLIN) | |
| Local note | WB |
| 650 ## - SUBJECT ADDED ENTRY--TOPICAL TERM | |
| Topical term or geographic name entry element | GOVERNMENT PROCUREMENT |
| 650 ## - SUBJECT ADDED ENTRY--TOPICAL TERM | |
| Topical term or geographic name entry element | PRIME CONTRACTING |
| 650 ## - SUBJECT ADDED ENTRY--TOPICAL TERM | |
| Topical term or geographic name entry element | Procurement-old |
| 650 ## - SUBJECT ADDED ENTRY--TOPICAL TERM | |
| Topical term or geographic name entry element | PUBLIC PROCUREMENT |
| 650 ## - SUBJECT ADDED ENTRY--TOPICAL TERM | |
| Topical term or geographic name entry element | REPAIRS AND MAINTENANCE |
| 690 ## - LOCAL SUBJECT ADDED ENTRY--TOPICAL TERM (OCLC, RLIN) | |
| Topical term or geographic name as entry element | Procurement |
| 9 (RLIN) | 6260 |
| 942 ## - ADDED ENTRY ELEMENTS (KOHA) | |
| Suppress in OPAC | 0 |
| Withdrawn status | Lost status | Source of classification or shelving scheme | Damaged status | Not for loan | Home library | Current library | Shelving location | Date acquired | Total Checkouts | Full call number | Barcode | Date last seen | Copy number | Price effective from | Koha item type |
|---|---|---|---|---|---|---|---|---|---|---|---|---|---|---|---|
| Dewey Decimal Classification | London | London | News article | 20/03/2001 | WB3712-06 | 111491-1001 | 06/08/2019 | 1 | 06/08/2019 | News article |